RICS victory (Record no. 117880)

MARC details
000 -LEADER
fixed length control field 01200cam a2200217 4500
001 - CONTROL NUMBER
control field WB@3612-543
008 - FIXED-LENGTH DATA ELEMENTS--GENERAL INFORMATION
fixed length control field 040823n2004 000 0 eng u
035 ## - SYSTEM CONTROL NUMBER
System control number (Sirsi) u127128
245 ## - TITLE STATEMENT
Title RICS victory
260 ## - PUBLICATION, DISTRIBUTION, ETC.
Date of publication, distribution, etc. 2004
490 ## - SERIES STATEMENT
Series statement RICS News Service
Volume/sequential designation 20 August 2004 (1)
520 ## - SUMMARY, ETC.
Summary, etc. As a result of the RICS' lobbying, the Financial Services Authority proposes to change its rules on clients' money holding for property managers under the forthcoming regulatory regime for general insurance. The consultation has been brought about due to RICS pointing out that the FSA'proposals actually conflicted with property legislation and would be unworkable for property managers. RICS will be contributing to the consultation. For further details and background information see: http://www.fsa.gov.uk/ and http://www.rics.org/fsa/. http://www.rics.org/ricscms/bin/show?class=News&te mplate=/includes/shownews.html&id=9723&faculty=RIC S
590 ## - LOCAL NOTE (RLIN)
Local note WB
590 ## - LOCAL NOTE (RLIN)
Local note WB
650 ## - SUBJECT ADDED ENTRY--TOPICAL TERM
Topical term or geographic name entry element FINANCIAL SERVICES AUTHORITY REGULATIONS
650 ## - SUBJECT ADDED ENTRY--TOPICAL TERM
Topical term or geographic name entry element Property management
9 (RLIN) 6262
650 ## - SUBJECT ADDED ENTRY--TOPICAL TERM
Topical term or geographic name entry element PROFESSIONAL BODIES
650 ## - SUBJECT ADDED ENTRY--TOPICAL TERM
Topical term or geographic name entry element GENERAL INSURANCE REGULATIONS
690 ## - LOCAL SUBJECT ADDED ENTRY--TOPICAL TERM (OCLC, RLIN)
Topical term or geographic name as entry element INSURANCE
9 (RLIN) 6249
942 ## - ADDED ENTRY ELEMENTS (KOHA)
Suppress in OPAC 0
Holdings
Withdrawn status Lost status Source of classification or shelving scheme Damaged status Not for loan Home library Current library Shelving location Date acquired Total Checkouts Full call number Barcode Date last seen Copy number Price effective from Koha item type
    Dewey Decimal Classification     London London News article 23/08/2004   WB4033-10 127128-1001 06/08/2019 1 06/08/2019 News article